Hry v přírodě /
Uloženo v:
| Hlavní autor: | |
|---|---|
| Další autoři: | |
| Médium: | Kniha |
| Jazyk: | Czech |
| Vydáno: |
Praha :
Sportovní a turistické nakladatelství,
1965
|
| Vydání: | 2. přeprac. dopl. vyd. |
| Témata: |
příroda
> tábornictví
> táboření
> letní tábory
> činnosti
> hry
> závody
> sportovní hry
> cyklistika
> návody
> příručky
|
| Celkem bylo vypůjčeno: | 12x |
| Tagy: |
Žádné tagy |
| LEADER | 01015nam a2200253 a 4500 | ||
|---|---|---|---|
| 001 | 45118 | ||
| 005 | 20240330060555.0 | ||
| 008 | 990909s1965----xr ---------u-------cze-d | ||
| 015 | |a cnb000483577 | ||
| 020 | |c 22.00 Kč | ||
| 040 | |a UOG502 |e AACR2 |9 1 |b cze | ||
| 080 | |a 796/799 | ||
| 080 | |a 796.1/.3 | ||
| 100 | 1 | |a Zapletal, Miloš, |d 1930- |7 jk01152116 |4 aut |9 28061 | |
| 245 | 1 | 0 | |a Hry v přírodě / |c Miloš Zapletal ; [ilustroval Jiří Rada] |
| 250 | |a 2. přeprac. dopl. vyd. | ||
| 260 | |a Praha : |b Sportovní a turistické nakladatelství, |c 1965 | ||
| 300 | |a 263 s., obr. | ||
| 653 | |a příroda |a tábornictví |a táboření |a letní tábory |a činnosti |a hry |a závody |a sportovní hry |a cyklistika |a návody |a příručky | ||
| 700 | 1 | |a Rada, Jiří, |d 1929-2011 |7 jn20011211144 |4 ill |9 41582 | |
| 910 | |a UOG502 | ||
| 999 | |c 45118 |d 45118 | ||
| 942 | 0 | 0 | |0 12 |
| 993 | |0 0 |1 421180019087 |2 ddc |4 0 |6 M_796_500000000000000 |7 0 |9 26163 |a 22.00 |b 0 |c 19087 |d 1999-09-09 |e 12 |f SKM |g 796.5 |h 22.00 |i Koupě |l SKM |r 2021-02-24 |t 7 |w 2017-09-19 |y KN |z NAUCNA | ||